Theorie und Politik des Geldes
Guardado en:
| Autor principal: | |
|---|---|
| Formato: | Libro |
| Lenguaje: | alemán |
| Publicado: |
Göttingen
Vandenhoeck & Ruprecht
1993
|
| Edición: | 9. überarb. und erw. Aufl. |
| Colección: | Uni-Taschenbücher
234 |
| Materias: | |
| Etiquetas: |
Sin Etiquetas, Sea el primero en etiquetar este registro!
|
MARC
| LEADER | 00000nam a2200000 4500 | ||
|---|---|---|---|
| 001 | c005914 | ||
| 005 | 20221206075122.8 | ||
| 020 | |a 3-8252-0234-8 | ||
| 041 | 0 | |a ger | |
| 044 | |a DE | ||
| 245 | 1 | 0 | |a Theorie und Politik des Geldes |c Hans-Joachim Jarchow |
| 250 | |a 9. überarb. und erw. Aufl. | ||
| 264 | 1 | |a Göttingen |b Vandenhoeck & Ruprecht |c 1993 | |
| 300 | |a 366 s. | ||
| 490 | 1 | |a Uni-Taschenbücher |v 234 | |
| 830 | 0 | |a Uni-Taschenbücher |v 234 | |
| 610 | 2 | 0 | |a peniaze |
| 610 | 2 | 0 | |a teória peňažná |
| 610 | 2 | 0 | |a politika peňažná |
| 610 | 2 | 0 | |a styk platobný |
| 610 | 2 | 0 | |a portfólio |
| 610 | 2 | 0 | |a papiere cenné |
| 610 | 2 | 0 | |a keynesizmus |
| 610 | 2 | 0 | |a monetarizmus |
| 610 | 2 | 0 | |a modely |
| 610 | 2 | 0 | |a banky |
| 610 | 2 | 0 | |a pokladnice kontrolné |
| 100 | 1 | |a Jarchow, Hans-Joachim | |